USA Top 5 Leagues - Statistics

General Stats
  • This quiz has been taken 128 times
  • The average score is 84 of 142
Answer Stats
City NBA % Correct
Boston Celtics
92%
Cincinnati Reds
87%
New York | Winnipeg Jets
86%
New York | San Francisco Giants
84%
Milwaukee Bucks
82%
Miami Heat
82%
Miami Dolphins
80%
New York Knicks
80%
Los Angeles Lakers
80%
Chicago Bulls
78%
Philadelphia Eagles
78%
Philadelphia 76ers
77%
Charlotte Hornets
77%
Los Angeles | Sacramento Kings
77%
Toronto Raptors
77%
Chicago Bears
76%
Atlanta Hawks
76%
Detroit Lions
76%
Orlando Magic
76%
San Antonio Spurs
76%
San Francisco 49ers
75%
Jacksonville Jaguars
75%
Detroit Pistons
75%
Phoenix Suns
75%
New York Yankees
75%
Boston New England Patriots
74%
Boston Red Sox
74%
Oklahoma City Thunder
74%
New York Brooklyn Nets
73%
Kansas City Chiefs
73%
Denver Nuggets
73%
Portland Trail Blazers
73%
Buffalo Bills
72%
Cleveland Browns
72%
Boston Bruins
72%
Cleveland Cavaliers
72%
Dallas Cowboys
72%
Atlanta Falcons
72%
Dallas Mavericks
72%
Charlotte | Miami Panthers
72%
Los Angeles Clippers
71%
Green Bay Packers
71%
Dallas | New York Rangers
71%
Pittsburgh Steelers
71%
Indianapolis Colts
70%
Indianapolis Pacers
70%
Los Angeles Rams
70%
Baltimore Ravens
70%
New Orleans Saints
70%
Houston Texans
70%
Memphis Grizzlies
69%
New York Mets
69%
Seattle Seahawks
69%
Oakland Warriors
68%
Washington Wizards
68%
Denver Broncos
67%
Tampa Buccaneers
67%
New Orleans Pelicans
67%
Washington Redskins
67%
Houston Rockets
67%
Cincinnati Bengals
66%
Salt Lake City Jazz
66%
Detroit Tigers
66%
Oakland Raiders
65%
Minneapolis Timberwolves
65%
San Diego Chargers
63%
Chicago White Sox
63%
Minneapolis Vikings
62%
Toronto Blue Jays
60%
Chicago Cubs
60%
New York Islanders
60%
Toronto Maple Leafs
60%
Philadelphia Phillies
59%
Detroit Red Wings
59%
Chicago Blackhawks
58%
Pittsburgh Pirates
58%
Philadelphia Flyers
57%
Edmonton Oilers
57%
Washington Capitals
56%
Los Angeles Dodgers
56%
Cleveland Indians
56%
Pittsburgh Penguins
56%
Nashville Titans
56%
Atlanta Braves
55%
Glendale | St. Louis Cardinals
55%
San Jose Sharks
55%
Dallas Stars
55%
Oakland Athletics
54%
St. Louis Blues
54%
Houston Astros
53%
Milwaukee Brewers
53%
Calgary Flames
53%
Miami Marlins
53%
Minneapolis Twins
53%
Los Angeles Angels
52%
Baltimore Orioles
51%
Ottawa Senators
51%
Tampa Rays
49%
Kansas City Royals
49%
Denver Avalanche
48%
Vancouver Canucks
48%
Washington Nationals
48%
Montreal Canadiens
47%
Phoenix Diamondbacks
47%
Tampa Lightning
47%
San Diego Padres
47%
Nashville Predators
47%
Los Angeles Ducks
46%
Raleigh Hurricanes
46%
Denver Rockies
46%
Buffalo Sabres
46%
Seattle Mariners
45%
St. Paul Wild
45%
Columbus Blue Jackets
44%
Newark Devils
42%
Glendale Coyotes
40%
Los Angeles Galaxy
40%
New York Red Bulls
35%
Chicago Fire
34%
Seattle Sounders
27%
Toronto Toronto FC
27%
Columbus Crew
24%
Boston New England Revolution
24%
New York NY City
24%
Washington DC United
22%
Philadelphia Union
22%
Houston Dynamo
20%
San Jose Earthquakes
20%
Salt Lake City Real
20%
Portland Timbers
20%
Orlando Orlando City
19%
Denver Rapids
19%
Vancouver Whitecaps
18%
Montreal Impact
13%
Kansas City Sporting
13%
Dallas FC Dallas
12%
No matching quizzes found
Score Distribution
Percent of People with Each Score
Percentile by Number Answered
Your Score History
You have not taken this quiz